[Event "Natick op g60'"]
[Site "Natick"]
[Date "2000.04.09"]
[Round "1"]
[White "Friedel, Joshua E"]
[Black "Busteed, William"]
[Result "0-1"]
[WhiteElo "2203"]
[BlackElo "1819"]
[PlyCount "70"]
[EventDate "2000.04.09"]
[EventType "swiss (rapid)"]
[EventRounds "4"]
[EventCountry "USA"]
[SourceTitle "EXT 2005"]
[Source "ChessBase"]
[SourceDate "2004.11.15"]
[SourceVersion "1"]
[SourceVersionDate "2004.11.15"]
[SourceQuality "1"]

1. e4 b6 2. d4 Bb7 3. Bd3 d6 4. Nf3 Nd7 5. 0-0 e5 6. b3 h6 7. Bb2 exd4 8. Nxd4 Ngf6 9. Qe2 Be7 10. f4 0-0 11. e5 Ne8 12. Nf5 Nc5 13. Qg4 Nxd3 14. cxd3 Kh7 15. e6 Bf6 16. e7 Bxe7 17. Bxg7 Rg8 18. Nxe7 Qxe7 19. Qf5+ Kxg7 20. Nd2 Qf6 21. Qh3 Kh7 22. Nf3 Bxf3 23. Qxf3 Qd4+ 24. Kh1 Nf6 25. Rac1 c5 26. Rf2 Rae8 27. Rcf1 Re3 28. Qb7 Qd5 29. Qxa7 Rxd3 30. Qxb6 Ne4 31. Rc2 Rd2 32. Rxd2 Qxd2 33. g3 Nxg3+ 34. hxg3 Rxg3 35. Qb7 Rh3+ 0-1